Largest Mediterranean Islands - Statistics

General Stats
  • This quiz has been taken 31 times
  • The average score is 6 of 10
Answer Stats
Sq Km Answer % Correct
24,100 Sardinia
97%
8,681 Corsica
87%
9,251 Cyprus
87%
8,312 Crete
80%
1,398 Rhodes
73%
3,640 Majorca
70%
1,630 Lesbos
47%
3,655 Euboea
23%
842 Chios
7%
25,834 Sicliy
3%
No matching quizzes found
Score Distribution
Percent of People with Each Score
Percentile by Number Answered
Your Score History
You have not taken this quiz